Seeing the light postmodern luminous landscapes (Record no. 9765)
[ view plain ]
| 000 - LÍDER | |
|---|---|
| campo de control de longitud fija | 00892nam a2200217Ia 4500 |
| 008 - ELEMENTOS DE DATOS DE LONGITUD FIJA - INFORMACIÓN GENERAL | |
| campo de control de longitud fija | 0000002008 usa 0000000000eng00 |
| 020 ## - INTERNATIONAL STANDARD BOOK NUMBER | |
| International Standard Book Number | 974942189 |
| 090 ## - NÚMERO DE LLAMADA DE TIPO LC LOCALMENTE ASIGNADO (OCLC) | |
| Número de clasificación (OCLC) (R) | PUS00 D85s |
| 100 1# - ENTRADA PRINCIPAL - NOMBRE PERSONAL | |
| Nombre de la persona | Duncan, Michael |
| 245 10 - TÍTULO DECLARACIÓN | |
| Título | Seeing the light postmodern luminous landscapes |
| Resto del título | : by Frederick S. Wight |
| Declaración de responsabilidad | / essay by Michael Duncan ; photography Gerard Veuillemier |
| 260 ## - PUBLICACIÓN, DISTRIBUCIÓN | |
| Lugar de publicación | West Hollywood : Louis Stern Fine Arts |
| Fecha de publicación | 2008 |
| 300 ## - DESCRIPCIÓN FÍSICA | |
| Alcance | 128 p. |
| Dimensiones | / 28 cm. |
| 500 ## - NOTA GENERAL | |
| Nota general | Exposición realizada en Louis Stern Fine Arts, West Hollywood, Abril 12 Junio 7, 2008 \ Registro auspiciado por la FGAA. Bogotá |
| 600 00 - ENTRADA DE SUJETO AÑADIDO - NOMBRE PERSONAL | |
| Nombre de la persona | WIGHT, FREDERICK S., 19021986/ |
| Subdivisión general | TRABAJOS PICTORICOS |
| 650 14 - ENTRADA DE SUJETO AÑADIDO - TÉRMINO TÓPICO | |
| Término tópico o elemento de entrada del nombre geográfico | ARTE CONTEMPORANEO ESTADOUNIDENSE |
| 650 14 - ENTRADA DE SUJETO AÑADIDO - TÉRMINO TÓPICO | |
| Subdivisión general | CATALOGOS |
| 650 14 - ENTRADA DE SUJETO AÑADIDO - TÉRMINO TÓPICO | |
| Subdivisión general | EXPOSICIONES |
| 650 14 - ENTRADA DE SUJETO AÑADIDO - TÉRMINO TÓPICO | |
| Término tópico o elemento de entrada del nombre geográfico | PINTORES ESTADOUNIDENSES |
| 650 14 - ENTRADA DE SUJETO AÑADIDO - TÉRMINO TÓPICO | |
| Término tópico o elemento de entrada del nombre geográfico | PINTURA ESTADOUNIDENSE |
| 700 1# - ENTRADA AGREGADA - NOMBRE PERSONAL | |
| Nombre de la persona | Veuilemier, Gerard |
| Estado de retirada | Pérdida de estatus | Estado dañado | No para préstamo | Código de recogida | Ubicación permanente | Ubicación actual | Ubicación de las estanterías | Fecha de adquisición | Número de llamada completo | Código de barras | Fecha de la última vez que se vio | Número de copia | Precio efectivo desde | Tipo de artículo Koha |
|---|---|---|---|---|---|---|---|---|---|---|---|---|---|---|
| General | ArtNexus | ArtNexus | General | 06/09/2022 | P-US-00 D85S | 9784 | 06/09/2022 | Ej.1 | 06/09/2022 | Libro |